Central Library OPAC University of Rajshahi

The Permanent court of international justice, 1920-1942, (Record no. 44637)

MARC details
000 -LEADER
fixed length control field 01318nam a2200277 a 4500
001 - CONTROL NUMBER
control field 44637
003 - CONTROL NUMBER IDENTIFIER
rucl marc code BD-RjUL
005 - DATE AND TIME OF LATEST TRANSACTION
control field 20211209053907.0
008 - FIXED-LENGTH DATA ELEMENTS--GENERAL INFORMATION
fixed length control field 160718s1943 nyu b 00110 eng
035 ## - SYSTEM CONTROL NUMBER
System control number (BD-RjUL)44755
System control number 2167061
040 ## - CATALOGING SOURCE
Original cataloging agency ANL
Language of cataloging eng
Modifying agency ANL
Transcribing agency BD-RjUL
041 ## - LANGUAGE CODE
Language code of text/sound track or separate title eng
082 0# - DEWEY DECIMAL CLASSIFICATION NUMBER
Classification number 341.1
Author mark and year HUP 1943
100 1# - MAIN ENTRY--PERSONAL NAME
Personal name Hudson, Manley O.
Fuller form of name (Manley Ottmer),
Dates associated with a name 1886-1960
9 (RLIN) 136928
245 14 - TITLE STATEMENT
Title The Permanent court of international justice, 1920-1942,
Statement of responsibility, etc. a treatise by Manley O. Hudson.
260 ## - PUBLICATION, DISTRIBUTION, ETC. (IMPRINT)
Place of publication, distribution, etc. New York :
Name of publisher, distributor, etc. The Macmillan company,
Date of publication, distribution, etc. 1943.
300 ## - PHYSICAL DESCRIPTION
Pagination xxiv, 807 p. ;
Size 24 cm.
500 ## - GENERAL NOTE
General note Issued with the assistance of a grant-in-aid by the Bureau of international research of Harvard university and Radcliffe college. cf. Pref.
General note While the present volume follows the general lines of the author's work of the same title published in 1934, the treatise has been completely rewritten and includes new chapters on the proposed International criminal court and the Institution of proceedings. cf. Pref.
504 ## - BIBLIOGRAPHY, ETC. NOTE
Bibliography, etc Includes bibliographical references.
610 20 - SUBJECT ADDED ENTRY--CORPORATE NAME
Corporate name or jurisdiction name as entry element Permanent Court of International Justice.
710 2# - ADDED ENTRY--CORPORATE NAME
Corporate name or jurisdiction name as entry element Bureau of International Research of Harvard University and Radcliffe College.
9 (RLIN) 130715
942 ## - ADDED ENTRY ELEMENTS (KOHA)
Source of classification or shelving scheme Dewey Decimal Classification
Koha item type Books
Holdings
Lost status Source of classification or shelving scheme Damaged status Not for loan Collection code Permanent Location Current Location Shelving location Date acquired Source of acquisition Total Checkouts Full call number Date last seen Copy number Koha item type
  Dewey Decimal Classification     Non-fiction Central Library, University of Rajshahi Central Library, University of Rajshahi   15/02/1958 U.S.I.S Dacca gratro   341.1 HUP 1943 18/07/2016 C-2 Books